000 00845nam a22002417a 4500
005 20131128112327.0
008 131126b xxu||||| |||| 00| 0 eng d
010 _aPUN-7732
020 _c195.00
_a9788182993006
035 _aPN-6850
037 _bDBAD / PUB
037 _bArsee Publishers
040 _adpl
_bpn
082 _a362.2
100 _aਕੁੱਕੜਪਿੰਡੀਆ, ਮੋਹਣ ਸਿੰਘ
245 _aਕਾਲਾ ਲਹੂ ਲੰਡਨ ਦਾ /
_c ਮੋਹਣ ਸਿੰਘ ਕੁੱਕੜਪਿੰਡੀਆ
246 _aKala lahoo london da
_bby Mohan Singh Kukarpindia
260 _aDelhi
_bArsee Publishers
_c2013
270 _bDelhi
_aChandni Chowk
_k011-65966481
300 4 _a80p.
_c22ਸੇਂਮੀ (ਸਜਿਲੱਦ)
942 _2ddc
_cPN
_h362.2
_mਕੁੱਕੜ
999 _c80901
_d80901